Biblioteca

+Enseñamos a los niños a resolver conflictos? (Registro nro. 60791)

Detalles MARC
000 -LÍDER
Campo fijo de descripción fija 005230000a22001090004500
100 1# - ASIENTO PRINCIPAL--NOMBRE PERSONAL
Nombre personal Somoza, Ana R.
245 10 - TÍTULO
Título del Material +Enseñamos a los niños a resolver conflictos?
300 ## - DESCRIPCIÓN FÍSICA
Extensión Vol.21, núm.3 (Abril-Junio, 2004), Páginas 12-13
500 ## - NOTA GENERAL
Nota General Revista Alcanzando a la niñez, ubicada en medio de la revista. Ana Somoza es pedagoga y formadora de docentes. Actualmente desarrolla un programa para niños y adolescentes en riesgo en Argentina, del ministerio Familias Cristianas.
773 0# - HOST ITEM ENTRY
Title Apuntes Pastorales
942 ## - TIPO DE MATERIAL (KOHA)
Tipo de Item KOHA Artículos de Revista
Existencias
Estado de Material Estado de Perdido Estado de Dañado No para Préstamo Colección Biblioteca de Origen Biblioteca Permanente Fecha de Adquisición Total de Préstamos Signatura Topográfica Última vez visto Fecha de Remplazo Tipo de Material
        Colección de Hemeroteca Biblioteca FUSBC Biblioteca FUSBC 26/01/2016   26/01/2016 26/01/2016 Artículos de Revista

Biblioteca FUSBC | Teléfono: (57+4) 349 88 10 Ext. 141| WhatsApp (+57) 3005338115 
E-mail: biblioteca@unisbc.edu.co | Calle 76 87-14 Robledo Palenque, Medellín, Colombia

Con tecnología Koha